000 00419nam a22001577a 4500
022 _a9698501045
082 _a371.22
_bNAY
_cN-01, P-74
100 _aFardows Nayer
_938266
245 _aScholarships study abroad
_cFardows Nayer
260 _aLahore
_bNatty printers
300 _a529 p. ;
526 _a0
_b0
_c0
_d371_220000000000000_NAY
650 _aNUST
_96342
700 _aFardows Nayer
_938266
942 _2ddc
_cBK
999 _c542906
_d542906